[Event "Open"]
[Site "Ano Liosia GRE"]
[Date "2000.12.30"]
[Round "4"]
[White "Brinck Claussen,B"]
[Black "Miladinovic,I"]
[Result "0-1"]
[WhiteElo "2359"]
[BlackElo "2563"]

1.e4 c5 2.Nf3 Nc6 3.d4 cxd4 4.Nxd4 Qc7 5.Nc3 e6 6.g3 a6 7.Bg2 Nge7 8.Nde2 Ng6
9.O-O Bc5 10.Nf4 Nge5 11.Nh5 O-O 12.Kh1 Qd6 13.Qxd6 Bxd6 14.f4 Nc4 15.e5 Bb4
16.Ne4 d5 17.c3 Be7 18.Nf2 Rd8 19.b3 Na3 20.Bd2 a5 21.Rad1 b6 22.Be3 Rb8
23.Nd3 Ba6 24.Bc1 Rbc8 25.Rf2 Na7 26.f5 N7b5 27.f6 gxf6 28.exf6 Bd6 29.Ndf4 Nxc3
30.Re1 Ne4 31.Bxe4 dxe4 32.Nxe6 Rxc1 33.Rxc1 fxe6 34.Rd1 Kf7 35.Rfd2 Bd3  0-1

[Event "Open"]
[Site "Ano Liosia GRE"]
[Date "2001.01.02"]
[Round "6"]
[White "Kapnisis,S"]
[Black "Miladinovic,I"]
[Result "0-1"]
[WhiteElo "2332"]
[BlackElo "2563"]

1.e4 c5 2.Nf3 Nc6 3.d4 cxd4 4.Nxd4 Qc7 5.Nc3 e6 6.Be3 a6 7.Qd2 Nf6 8.f3 b5
9.O-O-O Bb4 10.Nxc6 dxc6 11.Kb1 Be7 12.g4 e5 13.Qf2 Be6 14.Bg2 Rb8 15.Ne2 Nd7
16.g5 Qa5 17.Nc1 c5 18.f4 exf4 19.Bxf4 Rc8 20.Qg3 c4 21.Bh3 Nc5 22.Bxe6 Nxe6
23.Bd6 Bxd6 24.Rxd6 O-O 25.Rf1 c3 26.g6 hxg6 27.Rxe6 fxe6 28.Qd6 Rfe8 29.Rf8+ Kh7
30.Qg3 g5 31.Rf7 cxb2 32.Rxg7+ Kxg7 33.Qxg5+ Kf7 34.Nd3 e5 35.Qf5+ Ke7 36.Qxe5+ Kd7
37.Qd4+ Kc7 38.Qa7+ Kc6 39.a3 Qxa3 40.Nb4+  0-1

[Event "1st Wilhelm Steinitz Mem"]
[Site "Prague CZE"]
[Date "2001.01.03"]
[Round "9"]
[White "Lanka,Z"]
[Black "Vokac,M"]
[Result "1-0"]
[WhiteElo "2504"]
[BlackElo "2523"]

1.e4 c5 2.Nf3 Nc6 3.d4 cxd4 4.Nxd4 Qb6 5.Nb3 Nf6 6.Nc3 e6 7.Bd3 Be7 8.Qe2 d6
9.Be3 Qc7 10.f4 O-O 11.g4 Nd7 12.g5 Re8 13.O-O-O a6 14.Rdg1 b5 15.e5 Bb7
16.Bxh7+ Kf8 17.Be4 dxe5 18.Qh5 Bb4 19.f5 Nd4 20.f6 gxf6 21.gxf6 Nxf6 22.Qh6+ Ke7
23.Bxb7 Bxc3 24.Nxd4 Qxb7 25.Rf1 Nd7 26.Rxf7+ Kd8 27.Nf3 Bd4 28.Rd1 Kc8 29.Nxd4 exd4
30.Bxd4 Qc6 31.Bf2 Ne5 32.Rg7 Rf8 33.Bg3 Nf7 34.Qf4 Qb7 35.Qb4  1-0

[Event "Australian Open"]
[Site "Canberra AUS"]
[Date "2001.01.05"]
[Round "8"]
[White "Zhao Zong Yuan"]
[Black "Pisk,P"]
[Result "1/2-1/2"]
[WhiteElo "2341"]
[BlackElo "2400"]

1.e4 c5 2.Nf3 Nc6 3.d4 cxd4 4.Nxd4 Qc7 5.Nc3 e6 6.g3 a6 7.Bg2 Nf6 8.O-O Bc5
9.Nxc6 dxc6 10.Na4 Ba7 11.c4 e5 12.c5 Be6 13.b3 Rd8 14.Qc2 O-O 15.Bb2 h5
16.Rac1 h4 17.Rfe1 h3 18.Bf1 Rfe8 19.f3 Nh7 20.Qf2 f5 21.exf5 Bxf5 22.Bc4+ Kh8
23.Re3 e4 24.fxe4 Bxe4 25.Qe2 Bg6 26.Re1 Rxe3 27.Qxe3 Qd7 28.Be6 Qd2 29.Bxh3 Ng5
30.Bg2 Qxe3+ 31.Rxe3 Rd2 32.Re7 Rxb2 33.Rxb7 Rxa2 34.Rxa7 Ra1+ 35.Kf2 Ra2+
36.Kg1 Ra1+  1/2-1/2

[Event "Open"]
[Site "Ano Liosia GRE"]
[Date "2001.01.06"]
[Round "9"]
[White "Kapnisis,S"]
[Black "Gustafsson,J"]
[Result "0-1"]
[WhiteElo "2332"]
[BlackElo "2506"]

1.e4 c5 2.Nf3 Nc6 3.d4 cxd4 4.Nxd4 Qc7 5.Nc3 e6 6.Be3 a6 7.Qd2 Nf6 8.f3 Ne5
9.O-O-O b5 10.Kb1 Bb7 11.g4 h6 12.Bd3 b4 13.Na4 d5 14.Bf4 dxe4 15.Bxe4 Bxe4
16.fxe4 Nfd7 17.Rhf1 Be7 18.g5 hxg5 19.Bxg5 Nc4 20.Qf2 Bf6 21.h4 Qa5 22.Bxf6 gxf6
23.b3 Na3+ 24.Kb2 Rc8 25.c3 Nc4+ 26.bxc4 Qxa4 27.cxb4 Qxb4+ 28.Nb3 a5 29.Qd4 Qb7
30.Ka1 a4 31.Nc1 Qc7 32.Nd3 Qxc4 33.Qxd7+ Kxd7 34.Ne5+ Ke7 35.Rd7+ Ke8 36.Nxc4 Kxd7
37.Nb6+ Ke7 38.Nxc8+ Rxc8 39.Kb2 Rc4 40.Re1 Kf8 41.Ka3 Kg7 42.Kb2 Kh6 43.Re2 e5  0-1

[Event "Anibal Open"]
[Site "Anibal Open ESP"]
[Date "2001.01.08"]
[Round "1"]
[White "Agopov,M"]
[Black "Golod,V"]
[Result "0-1"]
[WhiteElo "2399"]
[BlackElo "2590"]

1.e4 c5 2.Nf3 Nc6 3.d4 cxd4 4.Nxd4 Qb6 5.Nb3 Nf6 6.Nc3 e6 7.Be3 Qc7 8.Bd3 a6
9.O-O Be7 10.f4 O-O 11.e5 Ne8 12.Qh5 f5 13.exf6 Nxf6 14.Qf3 Nb4 15.Rad1 d6
16.Qg3 Bd7 17.Bd4 Nxd3 18.Rxd3 Rf7 19.Rf2 Raf8 20.Nd2 Nh5 21.Qg4 Nxf4 22.Rxf4 e5
23.Qe2 exf4 24.Nd5 Qd8 25.Nb6 Qe8  0-1

[Event "Anibal Open"]
[Site "Anibal Open ESP"]
[Date "2001.01.13"]
[Round "6"]
[White "Golod,V"]
[Black "Skripchenko,A"]
[Result "1/2-1/2"]
[WhiteElo "2590"]
[BlackElo "2450"]

1.e4 c5 2.Nf3 Nc6 3.d4 cxd4 4.Nxd4 Qc7 5.Nc3 e6 6.Be2 Nf6 7.O-O a6 8.Kh1 Bb4
9.Nxc6 bxc6 10.Qd4 Bd6 11.Bg5 Be5 12.Qe3 h6 13.Bh4 Bf4 14.Bg3 Bxg3 15.hxg3 d5
16.Rad1 O-O 17.g4 Bb7 18.exd5 cxd5 19.g5 hxg5 20.Qxg5 e5 21.Rd3 Rfd8 22.f4 e4
23.Rg3 Ne8 24.Rh3 d4 25.f5 dxc3 26.f6 Nxf6 27.Rxc3 Qd6 28.Bc4 Rd7 29.Rg3 Ne8
30.Rh3 Bd5 31.Rd1 Bxc4 32.Rxd6 Rxd6 33.Qh4 Rh6 34.Qxe4 Rxh3+ 35.gxh3 Rc8
36.b3 Nf6 37.Qf5 Be6 38.Qd3 Rc6 39.c4 Nd7 40.Kh2 f6 41.Qd4 Kf7 42.Qa7 Ke7
43.Kg3 Bf5 44.b4 Be6 45.b5 Rxc4 46.bxa6 Rc3+ 47.Kf2 Rc2+ 48.Ke1 Rxa2 49.Qb7 Kd6
50.Qb4+ Kc6 51.Qb7+ Kd6 52.Qb4+ Ke5 53.Qc3+ Ke4 54.Qc6+ Ke5 55.Qc3+ Ke4  1/2-1/2

[Event "Czech Extra League 2000-1"]
[Site "CZE"]
[Date "2001.01.13"]
[Round "4"]
[White "Navara,D"]
[Black "Oral,T"]
[Result "1/2-1/2"]
[WhiteElo "2466"]
[BlackElo "2555"]

1.e4 c5 2.Nf3 Nc6 3.d4 cxd4 4.Nxd4 Qc7 5.Nc3 e6 6.g3 a6 7.Bg2 Nf6 8.O-O Nxd4
9.Qxd4 Bc5 10.Bf4 d6 11.Qd2 h6 12.Rad1 e5 13.Be3 Be6 14.Bxc5 dxc5 15.Rfe1 O-O
16.Qd6 Qxd6 17.Rxd6 Rfd8 18.Red1 Rxd6 19.Rxd6 Kf8 20.f4 Rc8 21.Nd5 Bxd5 22.exd5 exf4  1/2-1/2

[Event "Tch-AUT 2000-01"]
[Site "Graz AUT"]
[Date "2001.01.19"]
[Round "6"]
[White "Opl,K"]
[Black "Gustafsson,J"]
[Result "0-1"]
[WhiteElo "2310"]
[BlackElo "2535"]

1.e4 c5 2.Nf3 Nc6 3.d4 cxd4 4.Nxd4 Qc7 5.Nc3 e6 6.Be2 a6 7.O-O Nf6 8.Be3 Bb4
9.Nxc6 bxc6 10.f4 d5 11.e5 Nd7 12.Na4 O-O 13.c4 Be7 14.Rc1 Qb8 15.Bd3 Rd8
16.Rf3 g6 17.Bf2 Bb7 18.c5 a5 19.h4 Ba6 20.Bc2 Bb5 21.h5 Bxa4 22.Bxa4 Qc7
23.Bc2 Rab8 24.hxg6 fxg6 25.Rg3 Nf8 26.Bd4 Qa7 27.Kh2 Rb4 28.a3 Rc4 29.b3 Rxd4
30.Qxd4 Bxc5 31.Qd2 Bxa3 32.Ra1 Qe7 33.Rf1 Bb4 34.Qe2 Kh8 35.Rff3 Rd7 36.Rh3 Qc5
37.Rh4 Qd4 38.Qa6 Rc7 39.Qa8 Kg7 40.Qd8 Rf7 41.Qe8 Bd2 42.g3 Bb4 43.f5 Qd2+
44.Kh3 Qxc2 45.Rxh7+ Nxh7 46.f6+ Kh6 47.Kg4 Qe4+ 48.Rf4 Qe2+  0-1

[Event "17th Open"]
[Site "Geneva SUI"]
[Date "2001.01.20"]
[Round "1"]
[White "Fairbairn,S"]
[Black "Lazarev,V"]
[Result "0-1"]
[WhiteElo "2149"]
[BlackElo "2505"]

1.e4 c5 2.Nf3 Nc6 3.d4 cxd4 4.Nxd4 Qc7 5.Nc3 e6 6.Be2 a6 7.O-O b5 8.Nxc6 dxc6
9.Be3 e5 10.f4 Bd6 11.f5 Nf6 12.Bf3 Qe7 13.Kh1 Bc5 14.Bg5 h6 15.Bh4 a5 16.Qe1 Ba6
17.Be2 Bd4 18.Rd1 O-O 19.Qg3 Rfd8 20.Bd3 Rd7 21.Rde1 Bxc3 22.bxc3 c5 23.Rd1 c4
24.Bxf6 Qxf6 25.Be2 Rad8 26.Rxd7 Rxd7 27.Qe3 Bb7 28.a4 bxa4 29.Bxc4 Ba6 30.Bxa6 Qxa6
31.Rg1 Rd6 32.Qc5 Rd2 33.Qxe5 Qe2 34.Qg3 Qxe4 35.f6 g6 36.Re1 Rxg2 37.Qxg2 Qxe1+
38.Qf1 Qxf1+  0-1

[Event "ch-POL Boys U18"]
[Site "Zakopane POL"]
[Date "2001.01.20"]
[Round "5"]
[White "Tomczak,Raf"]
[Black "Stoma,P"]
[Result "1-0"]
[WhiteElo "2314"]
[BlackElo "2209"]

1.e4 c5 2.Nf3 Nc6 3.d4 cxd4 4.Nxd4 Qc7 5.Nc3 e6 6.Be2 a6 7.O-O Nf6 8.Kh1 Be7
9.f4 d6 10.Be3 O-O 11.Qe1 Nxd4 12.Bxd4 b5 13.a3 Bb7 14.Qg3 Bc6 15.Rae1 Rae8
16.Bf3 g6 17.e5 dxe5 18.fxe5 Nd7 19.Qh3 f5 20.exf6 Bxf6 21.Bxf6 Nxf6 22.Qh4 e5
23.Ne4 Bxe4 24.Bxe4 Kg7 25.Rf3 Rd8 26.Ref1 Qc4 27.Qg5 Nxe4 28.Qe7+  1-0

[Event "Belgian Interteams 2000-1"]
[Site "BEL"]
[Date "2001.01.21"]
[Round "7"]
[White "Van Leeuwen,E"]
[Black "Vandevoort,P"]
[Result "0-1"]
[WhiteElo "2154"]
[BlackElo "2340"]

1.e4 c5 2.Nf3 Nc6 3.d4 cxd4 4.Nxd4 Qc7 5.Nc3 e6 6.Be3 a6 7.Bd3 b5 8.O-O Bb7
9.Nb3 d6 10.f4 Nf6 11.Qf3 Be7 12.Rae1 Rc8 13.Kh1 h5 14.Qh3 Nb4 15.Bg1 e5
16.fxe5 dxe5 17.Rf5 Rd8 18.Qg3 Nxd3 19.cxd3 g6 20.Rxe5 h4 21.Qg5 Rh5 22.Rxe7+ Qxe7
23.Qd2 h3 24.Bb6 hxg2+ 25.Kxg2 Qd6 26.Bg1 b4 27.Ne2 Bxe4+ 28.dxe4 Qxd2 29.Nxd2 Rxd2
30.Kf3 Nd7 31.Nf4 Ra5 32.Rc1 Ne5+ 33.Kg3 Rxb2 34.Bb6 Ra3+ 35.Kh4 Rxh2+ 36.Kg5 Rg3+  0-1

[Event "17th Open"]
[Site "Geneva SUI"]
[Date "2001.01.24"]
[Round "5"]
[White "Bernard,Ja"]
[Black "Lukasiewicz,G"]
[Result "1-0"]
[WhiteElo "2237"]
[BlackElo "2308"]

1.e4 c5 2.Nf3 Nc6 3.d4 cxd4 4.Nxd4 Qb6 5.Nb3 Nf6 6.Nc3 e6 7.Be3 Qc7 8.Bd3 d6
9.O-O Be7 10.f4 O-O 11.g4 e5 12.f5 h6 13.Qf3 Nb4 14.Rad1 Rd8 15.a3 Nxd3 16.Rxd3 b6
17.h4 Bb7 18.g5 hxg5 19.hxg5 Nxe4 20.Nxe4 Qxc2 21.Bc1 d5 22.Nf6+ gxf6 23.Qh3 Ba6
24.Rg3 fxg5 25.Bxg5 Bxg5 26.Rxg5+ Kf8  1-0

[Event "ch-POL Boys U18"]
[Site "Zakopane POL"]
[Date "2001.01.26"]
[Round "11"]
[White "Janaszak,Daw"]
[Black "Stoma,P"]
[Result "1-0"]
[WhiteElo "2134"]
[BlackElo "2209"]

1.e4 c5 2.Nf3 Nc6 3.d4 cxd4 4.Nxd4 Qc7 5.Nc3 e6 6.Be2 a6 7.O-O Nf6 8.Be3 Be7
9.f4 d6 10.Qe1 O-O 11.Qg3 Nxd4 12.Bxd4 b5 13.a3 Bb7 14.Rae1 Bc6 15.Bf3 Rae8
16.e5 dxe5 17.fxe5 Nd7 18.Bxc6 Qxc6 19.Ne4 Kh8 20.c3 Bc5 21.Bxc5 Nxc5 22.Nd6 Re7
23.Qh4 Qc7 24.Rf3 Rd7 25.Ref1 Nb7 26.Rh3 h6 27.Rf6 Kg8 28.Rxh6  1-0

[Event "It"]
[Site "Bajmok YUG"]
[Date "2001.02.05"]
[Round "11"]
[White "Smolovic,M"]
[Black "Zegarac,B"]
[Result "1-0"]
[WhiteElo "2390"]
[BlackElo "2271"]

1.e4 c5 2.Nf3 Nc6 3.d4 cxd4 4.Nxd4 Qc7 5.Nc3 e6 6.Be2 a6 7.O-O Nf6 8.Be3 Bb4
9.Na4 Be7 10.Nxc6 bxc6 11.Nb6 Rb8 12.Nxc8 Qxc8 13.e5 Nd5 14.Bc1 Bc5 15.c4 Ne7
16.Kh1 Qc7 17.f4 a5 18.Bd3 Bd4 19.Rb1 d6 20.exd6 Qxd6 21.a3 O-O 22.Qc2 g6
23.b4 axb4 24.axb4 Rfd8 25.Rb3 Ra8 26.g3 Ra1 27.Be4 f5 28.Bg2 e5 29.fxe5 Bxe5
30.Qe2 Qf6 31.Re3 Qg5 32.Rxe5 Rxc1 33.Rxe7 Kf8 34.Re6 Kg7 35.Qb2+  1-0

[Event "It"]
[Site "Bajmok YUG"]
[Date "2001.02.07"]
[Round "13"]
[White "Milu,R"]
[Black "Zegarac,B"]
[Result "1-0"]
[WhiteElo "2432"]
[BlackElo "2271"]

1.e4 c5 2.Nf3 Nc6 3.d4 cxd4 4.Nxd4 Qc7 5.Nc3 e6 6.g3 a6 7.Bg2 Nf6 8.O-O Nxd4
9.Qxd4 Bc5 10.Bf4 d6 11.Qd2 h6 12.Rad1 e5 13.Be3 Be6 14.Bxc5 dxc5 15.f4 O-O
16.f5 Bc4 17.Rfe1 Rad8 18.Qe3 Rd4 19.h3 Bb5 20.Nd5 Qd6 21.c3 Nxd5 22.exd5 Rxd1
23.Rxd1 b6 24.Be4 Rd8 25.Rd2 a5 26.a4 Ba6 27.c4 Qf6 28.h4 Kf8 29.Rh2 Ke7
30.g4 Qd6 31.g5 Rh8 32.Qg3 Bc8 33.f6+ gxf6 34.gxf6+ Ke8 35.Qg7 Qf8 36.Rg2 Kd7
37.Bg6 Rg8 38.Bf5+ Kd6 39.Qxg8 Qxg8 40.Rxg8 Bxf5 41.Rd8+ Kc7 42.Rf8 Bg6 43.Kf2  1-0

[Event "1st Mario Covas"]
[Site "Santos BRA"]
[Date "2001.02.08"]
[Round "11"]
[White "Milos,G"]
[Black "Zapata,A"]
[Result "1/2-1/2"]
[WhiteElo "2608"]
[BlackElo "2485"]

1.e4 c5 2.Nf3 Nc6 3.d4 cxd4 4.Nxd4 Qc7 5.Be2 Nf6 6.Nc3 e6 7.O-O a6 8.Kh1 d6
9.f4 Be7 10.Be3 O-O 11.Qe1 Bd7 12.Qg3 Nxd4 13.Bxd4 Bc6 14.e5 dxe5 15.Bxe5 Qc8
16.f5 exf5 17.Bd3 f4 18.Qxf4  1/2-1/2

[Event "ch-ROM Women"]
[Site "Baile Tusnad ROM"]
[Date "2001.02.10"]
[Round "4"]
[White "Voicu,C"]
[Black "Cosma,E"]
[Result "0-1"]
[WhiteElo "2162"]
[BlackElo "2343"]

1.e4 c5 2.Nf3 Nc6 3.d4 cxd4 4.Nxd4 Qc7 5.Be3 e6 6.Nd2 Nf6 7.f4 Nxd4 8.Bxd4 Qxf4
9.Qe2 d6 10.g3 Qg4 11.Qb5+ Nd7 12.Be2 Qh3 13.O-O-O Qh6 14.g4 e5 15.Bf2 a6
16.Qb3 b5 17.c4 Be7 18.cxb5 axb5 19.Bxb5 O-O 20.h4 Rb8 21.a4 Ba6 22.g5 Qh5
23.Qd3 Bxb5 24.axb5 Rfc8+ 25.Kb1 Nc5 26.Qf1 Qg4 27.Rg1 Qd7 28.h5 Rxb5 29.Bxc5 Rbxc5
30.g6 hxg6 31.hxg6 Qe6 32.Rh1 fxg6 33.Qg2 Ra8 34.b3 Rca5 35.Qh2 Bf6 36.Rdg1 Ra1+
37.Kc2 Qc8+ 38.Kd3 Qa6+ 39.Nc4 Rxg1 40.Qxg1 Kf7 41.Rh2 Rd8 42.Rc2 d5 43.exd5 Rxd5+
44.Ke2 Rd4 45.Qe3 Qe6 46.Qf3 Qf5 47.Qb7+ Kg8 48.Ne3 Qd3+ 49.Kf3 Rf4+ 50.Kg3 Qxe3+  0-1

[Event "ch-ROM"]
[Site "Baile Tusnad ROM"]
[Date "2001.02.12"]
[Round "8"]
[White "Ionescu,D"]
[Black "Cosma,I"]
[Result "0-1"]
[WhiteElo "2390"]
[BlackElo "2468"]

1.e4 c5 2.Nf3 Nc6 3.d4 cxd4 4.Nxd4 Qc7 5.Nb5 Qb8 6.Bd3 g6 7.O-O Bg7 8.f4 d6
9.Kh1 Nf6 10.Qe1 O-O 11.Qh4 a6 12.N5c3 b5 13.Nd2 Nb4 14.Nf3 Nxd3 15.cxd3 b4
16.Ne2 Qb5 17.f5 Qxd3 18.Ng3 Bb7 19.Bh6 Nxe4 20.Rae1 Bf6 21.Qh3 Rfc8 22.fxg6 hxg6
23.Qg4 Rc4 24.Nxe4 Rxe4 25.Rxe4 Qxf1+  0-1

[Event "ch-ROM Women"]
[Site "Baile Tusnad ROM"]
[Date "2001.02.16"]
[Round "9"]
[White "Duminica,M"]
[Black "Cosma,E"]
[Result "0-1"]
[WhiteElo "2073"]
[BlackElo "2343"]

1.e4 c5 2.Nf3 Nc6 3.d4 cxd4 4.Nxd4 Qc7 5.Nc3 e6 6.Be2 a6 7.f4 Nxd4 8.Qxd4 b5
9.Bf3 Bb7 10.Qf2 Rc8 11.a3 Bc5 12.Be3 Ne7 13.O-O Bxe3 14.Qxe3 O-O 15.Rad1 Rfd8
16.Rf2 d6 17.Rfd2 Bc6 18.Qf2 a5 19.Ne2 b4 20.axb4 axb4 21.c3 d5 22.exd5 Bxd5
23.Bxd5 Rxd5 24.Rxd5 Nxd5 25.Qd4 bxc3 26.bxc3 g6 27.Rd3 Qc4 28.Qxc4 Rxc4
29.g3 Kf8 30.Kf2 Ke7 31.Ke1 Ra4 32.Rd2 h5 33.h4 Nf6 34.Rd4 Rxd4 35.Nxd4 Ne4
36.Ne2 Kd6 37.Kd1 Kc5 38.Kc2 Kc4 39.Kb2 Kd3 40.Nc1+ Ke3 41.Kc2 Nxg3 42.Nd3 Nf5
43.Ne5 Kxf4 44.Nxf7 Nxh4 45.Kd3 Nf5 46.c4 h4 47.Ke2 g5 48.Nd8 Nd4+ 49.Kf2 g4
50.c5 h3 51.c6 g3+ 52.Kf1 Kf3  0-1

[Event "ENG-GER match women"]
[Site "Battle Abbey ENG"]
[Date "2001.02.22"]
[Round "7"]
[White "Koglin,A"]
[Black "Flear,C"]
[Result "1-0"]
[WhiteElo "2279"]
[BlackElo "2184"]

1.e4 c5 2.Nf3 Nc6 3.d4 cxd4 4.Nxd4 Qc7 5.Nc3 e6 6.Be2 a6 7.O-O Nf6 8.Kh1 Nxd4
9.Qxd4 Bc5 10.Qd3 b5 11.Bg5 Bb7 12.f4 h5 13.e5 Ng4 14.Bf3 Rc8 15.Bxb7 Qxb7
16.Ne4 Qd5 17.Rac1 h4 18.h3 Ne3 19.Rfe1 Nf5 20.Qxd5 exd5 21.Nd6+ Bxd6 22.exd6+ Kf8
23.Be7+ Kg8 24.Re5 Rh5 25.Kh2 d4 26.Bxh4 Rxh4 27.Rxf5 g6 28.Re5 Rxf4 29.Re7 d3
30.c3 Rd4 31.Rxd7 d2 32.Rd1 Rd3 33.Rc7 Rd8 34.d7 Kf8 35.Rc8 Ke7 36.Rxd8 Kxd8
37.Kg1 Kxd7 38.Kf2 Kc6 39.Ke2 Rg3 40.Rg1 Kc5 41.Kxd2 b4 42.cxb4+ Kxb4 43.Ke2 a5
44.Kf2 Rd3 45.Re1 f5 46.h4 a4 47.Re2 Kc5 48.g3 Kd4 49.Kg2 Kd5 50.Kh2 Rd1
51.Kg2 Rd3 52.Rf2 Kc5 53.Kh3 Rd8 54.Rf4 Kb5 55.a3 Rd1 56.Rb4+ Ka5 57.Kg2 Rd3
58.Kf2 Rd1 59.Kf3 Rd2 60.Kf4 Rd3 61.Rc4 Kb5 62.Rc8 Rd4+ 63.Ke3 Re4+ 64.Kf3 Rd4
65.Rg8 Rd3+ 66.Kf4 Rd4+ 67.Ke3 Rg4 68.Kf3 Kc4 69.Rb8 Kd3 70.b3 Kc2 71.bxa4 Rxa4
72.Rc8+ Kd2 73.Rd8+ Kc2 74.Rd6 Rxa3+ 75.Kf4 Ra4+ 76.Kf3 Rg4 77.Rd5 Rb4 78.Rd6 Rg4
79.Rf6 Kd3 80.h5 gxh5 81.Rxf5 Rg8 82.Rd5+ Kc4 83.Rxh5 Kc3 84.Kf4 Re8 85.Rf5 Re1
86.g4 Rf1+ 87.Kg5 Rg1 88.Kh5 Kd4 89.Ra5 Kc3 90.g5 Kd4 91.Kh6 Rh1+ 92.Kg7 Rh5
93.Kf6 Rh7 94.g6 Rb7 95.Ra4+ Kc3 96.g7 Rb6+ 97.Kf7 Rb7+ 98.Kg6 Rb6+ 99.Kh7  1-0

[Event "ENG-GER match women"]
[Site "Battle Abbey ENG"]
[Date "2001.02.23"]
[Round "9"]
[White "Heymann,U"]
[Black "Flear,C"]
[Result "1-0"]
[WhiteElo "2216"]
[BlackElo "2184"]

1.e4 c5 2.Nf3 Nc6 3.d4 cxd4 4.Nxd4 Qc7 5.c4 Nf6 6.Nc3 Nxe4 7.Ndb5 Qe5 8.Qe2 Nxc3
9.Qxe5 Nxe5 10.Nc7+ Kd8 11.Nxa8 Ne4 12.Bf4 f6 13.f3 Nc5 14.Bxe5 fxe5 15.b4 Ne6
16.c5 g6 17.Bc4 Nd4 18.O-O-O Bh6+ 19.Kb2 d6 20.b5 dxc5 21.b6 axb6 22.Nxb6 Kc7
23.Nd5+ Kd6 24.Nc3 b6 25.Rhe1 Bd7 26.a4 Ra8 27.Bb5 Bg7 28.Ne4+ Kc7 29.Bxd7 Kxd7
30.Ra1 Ra5 31.Kc3 Nc6 32.Reb1 Nb4 33.Rd1+ Kc7 34.Kb3 h6 35.Rab1 Nc6 36.Ra1 Nd4+
37.Kc3 e6 38.Rdb1 Ne2+ 39.Kd2 Nf4 40.g3 Nd5 41.Rb5 Kc6 42.Rxa5 bxa5 43.Rb1 Nb4
44.Kc3 Bf8 45.Kc4 Be7 46.Nd2 Nd5 47.Rb5 Nc7 48.Rb8 Bg5 49.Nb3 Nd5 50.Nxa5+ Kd6
51.Rg8 Bd2 52.Nb7+ Kc6 53.Nxc5 Nb6+ 54.Kd3  1-0

[Event "IV Open"]
[Site "Malaga ESP"]
[Date "2001.02.25"]
[Round "3"]
[White "Willmoth,R"]
[Black "Franco Ocampos,Z"]
[Result "0-1"]
[WhiteElo "2236"]
[BlackElo "2482"]

1.e4 c5 2.Nf3 Nc6 3.d4 cxd4 4.Nxd4 Qc7 5.Nc3 e6 6.g3 d6 7.Bg2 Nxd4 8.Qxd4 Bd7
9.O-O Nf6 10.h3 Be7 11.g4 h6 12.Be3 O-O 13.a4 a6 14.a5 Rac8 15.Qd2 Bc6 16.f4 Nd7
17.Qf2 Bf6 18.Bd4 Bxd4 19.Qxd4 e5 20.fxe5 Nxe5 21.Rf2 Rfe8 22.b3 Re6 23.Ne2 Qd8
24.c4 Qh4 25.Raf1 Rce8 26.Qd2 h5 27.gxh5 Bxe4 28.Rf4 Qg5 29.Nd4 Rh6 30.h4 Qxg2+
31.Qxg2 Bxg2 32.Kxg2 Rxh5 33.Nf5 Re6 34.Rd4 Rg6+ 35.Kh3 Nc6 36.Rdf4 Rf6 37.Kg4 Rh8
38.h5 Kh7 39.Rd1 Re8 40.Kg5 Nxa5 41.h6 Rg6+ 42.Kh4 gxh6 43.Ne7 Rg7 44.Nf5 Rg5
45.Ng3 Nxb3 46.Rxf7+ Rg7 47.Rf5 Rc8 48.Rf4 Rc6 49.Re1 Rc8 50.Re6 Nc5 51.Rxd6 Rc6
52.Rxc6 bxc6 53.Rf6 Rxg3  0-1

[Event "It Women"]
[Site "Tel Aviv ISR"]
[Date "2001.02.27"]
[Round "7"]
[White "Madl,I"]
[Black "Botvinnik,Ir"]
[Result "1-0"]
[WhiteElo "2394"]
[BlackElo "2180"]

1.e4 c5 2.Nf3 Nc6 3.d4 cxd4 4.Nxd4 Qb6 5.Nb3 Nf6 6.Nc3 e6 7.Be3 Qc7 8.a3 a6
9.f4 d6 10.g4 h6 11.Bg2 b5 12.h3 Bb7 13.O-O Be7 14.Qe2 Nd7 15.Qf2 Bf6 16.Rad1 Bxc3
17.bxc3 Ne7 18.e5 Bd5 19.exd6 Qxd6 20.f5 O-O 21.Bd4 Bxg2 22.Qxg2 Nd5 23.h4 Qc7
24.g5 hxg5 25.hxg5 Ne5 26.Nc5 Nc6 27.fxe6 Nxd4 28.cxd4 Nf4 29.Qh2 Nxe6 30.Qxc7 Nxc7
31.d5 Rad8 32.d6 Ne6 33.Nxa6 Nxg5 34.Rf5 Ne4 35.d7 g6 36.Rf3 Kg7 37.Rd4 f5
38.Nc7 Rf6 39.Ne8+ Kf7 40.Nxf6 Nxf6 41.Rfd3 Ke6 42.Rd6+ Ke5 43.Rb6 Rxd7 44.Rxb5+ Ke4
45.Rxd7 Nxd7 46.a4 f4 47.a5 Ke3 48.Kf1 Nf6 49.a6 Ng4 50.Rb3+  1-0

[Event "It Women"]
[Site "Tel Aviv ISR"]
[Date "2001.02.28"]
[Round "8"]
[White "Madl,I"]
[Black "Tsifanskaya,L"]
[Result "1/2-1/2"]
[WhiteElo "2394"]
[BlackElo "2214"]

1.e4 c5 2.Nf3 Nc6 3.d4 cxd4 4.Nxd4 Qb6 5.Nb3 Nf6 6.Nc3 e6 7.Be3 Qc7 8.a3 a6
9.f4 d6 10.g4 Be7 11.Bg2 b5 12.Qe2 Bb7 13.h3 b4 14.axb4  1/2-1/2

[Event "FSIMB March"]
[Site "Budapest HUN"]
[Date "2001.03.06"]
[Round "3"]
[White "Seres,L"]
[Black "Kaposztas,M"]
[Result "1-0"]
[WhiteElo "2445"]
[BlackElo "2265"]

1.e4 c5 2.Nf3 Nc6 3.d4 cxd4 4.Nxd4 Qc7 5.Nc3 Nf6 6.Be2 a6 7.O-O e6 8.Be3 Be7
9.f4 d6 10.a4 O-O 11.Kh1 Bd7 12.Nb3 Nb4 13.a5 Bc6 14.Bf3 d5 15.e5 Ne4 16.Bb6 Qc8
17.Nd4 Nc5 18.Nce2 Be8 19.f5 exf5 20.Nf4 Na4 21.c3 Nxb6 22.cxb4 Nd7 23.Nxd5 Bd8
24.e6 fxe6 25.Nxe6 Bf7 26.Nxf8 Nxf8 27.Nb6 Bxb6 28.axb6 Qe6 29.Bxb7 Rb8 30.Bxa6 Rxb6
31.Bd3 Rxb4 32.Bxf5 Qe5 33.Ra8 Rb8 34.Rxb8 Qxb8 35.Qd2 Qb5 36.Qf2 Qb3 37.Bc2 Qb7
38.b4 Ng6 39.Bxg6 hxg6 40.Qxf7+ Qxf7 41.Rxf7 Kxf7 42.Kg1 Ke6 43.Kf2 Kd5 44.Kf3  1-0

[Event "Open"]
[Site "Kazimierz Dolny POL"]
[Date "2001.03.10"]
[Round "1"]
[White "Kupczyk,E"]
[Black "Stoma,P"]
[Result "0-1"]
[WhiteElo "2010"]
[BlackElo "2209"]

1.e4 c5 2.Nf3 Nc6 3.d4 cxd4 4.Nxd4 Qc7 5.Nc3 e6 6.Be3 Nf6 7.Be2 a6 8.O-O Be7
9.Nxc6 dxc6 10.f4 e5 11.fxe5 Qxe5 12.Bf4 Qc5+ 13.Kh1 Be6 14.Qe1 O-O 15.Qg3 Nh5
16.Bxh5 Qxh5 17.Be5 Qg4 18.Qf2 Rad8 19.Rad1 b5 20.a3 Rxd1 21.Rxd1 a5 22.Qf3 b4
23.axb4 axb4 24.Ne2 Qg5 25.Qf4 Bg4 26.Re1 Rd8 27.Ng1 Rd2 28.Qxg5 Bxg5 29.c4 f6
30.Bd6 Rxd6  0-1

[Event "Open"]
[Site "Kazimierz Dolny POL"]
[Date "2001.03.16"]
[Round "7"]
[White "Bartel,Mi"]
[Black "Stoma,P"]
[Result "0-1"]
[WhiteElo "2003"]
[BlackElo "2209"]

1.e4 c5 2.Nf3 Nc6 3.d4 cxd4 4.Nxd4 Qc7 5.Nc3 e6 6.Be3 a6 7.Be2 Nf6 8.O-O Be7
9.f4 d6 10.Qe1 O-O 11.Qg3 Nxd4 12.Bxd4 b5 13.e5 dxe5 14.fxe5 Bc5 15.Bxc5 Qxc5+
16.Kh1 Nd7 17.Bf3 Ra7 18.Rae1 b4 19.Ne4 Qxe5 20.Qh4 Qxb2 21.Ng5 h6 22.Be4 Nf6
23.Nf3 Nxe4 24.Qxe4 Rc7 25.Nd4 Bb7 26.Qf4 Rc4 27.Rd1 e5  0-1

[Event "TCh-ROM"]
[Site "Sovata ROM"]
[Date "2001.03.23"]
[Round "3"]
[White "Shadrina,T"]
[Black "Cosma,E"]
[Result "1/2-1/2"]
[WhiteElo "2330"]
[BlackElo "2343"]

1.e4 c5 2.Nf3 Nc6 3.d4 cxd4 4.Nxd4 Qc7 5.Nb5 Qb8 6.Bd3 g6 7.c4 Bg7 8.O-O Nf6
9.N1c3 a6 10.Na3 O-O 11.h3 d6 12.Be3 Nd7 13.Rc1 Nc5 14.Bb1 b5 15.cxb5 axb5
16.Bxc5 dxc5 17.Naxb5 Ba6 18.a4 Rd8 19.Qb3 Bxc3 20.Qxc3 Nd4 21.Bd3 Nxb5 22.Bxb5 Bxb5
23.axb5 Qxb5 24.Qxc5 Qxb2 25.Qxe7 Re8 26.Qh4 Qd4 27.Rfe1 Ra4 28.Qh6 Qe5 29.f4 Qg7
30.Qg5 Qd4+ 31.Kh2 Kg7 32.Rcd1 Qb6 33.e5 h6 34.Qg3 Qb4 35.f5 Qf4 36.Qxf4 Rxf4
37.fxg6 Kxg6 38.Rd6+ Re6 39.Rxe6+ fxe6 40.Kg3 Kf5 41.h4  1/2-1/2

[Event "ch-BUL Women"]
[Site "Plovdiv BUL"]
[Date "2001.03.25"]
[Round "6"]
[White "Velcheva,M"]
[Black "Chilingirova,P"]
[Result "1-0"]
[WhiteElo "2273"]
[BlackElo "2206"]

1.e4 c5 2.Nf3 Nc6 3.d4 cxd4 4.Nxd4 Qc7 5.Nb5 Qb8 6.c4 a6 7.N5c3 e6 8.Be3 Nf6
9.Nd2 d6 10.Be2 Be7 11.f4 Nd7 12.O-O Bf6 13.Nf3 b6 14.Qd2 Nc5 15.Nd4 Bb7
16.Bf3 Nxd4 17.Bxd4 Bxd4+ 18.Qxd4 e5 19.fxe5 dxe5 20.Qe3 O-O 21.b4 Ne6 22.Qxb6 Rc8
23.Bg4 Rc6 24.Qf2 Qe8 25.Bxe6 Qxe6 26.c5 Rac8 27.Nd5 a5 28.a3 Ba6 29.Rfc1 Rb8
30.Rc3 f6 31.Rb1 axb4 32.Rxb4 Rd8 33.h3 f5 34.Qxf5 Qxf5 35.Ne7+ Kf7 36.Nxf5 g6
37.Ne3 Rdc8 38.Ra4 Bb5 39.Ra5 Rxc5 40.Rxc5 Rxc5 41.Kf2 Ke6 42.a4 Rc4 43.Nxc4 Bxc4
44.Rc5 Bb3 45.a5 Kd6 46.Rb5 Bc4 47.Rb7 Bd3 48.Ke3 Bf1 49.Rxh7 Bxg2 50.a6  1-0

[Event "Open"]
[Site "Bled SLO"]
[Date "2001.03.28"]
[Round "5"]
[White "Stevanec,L"]
[Black "Vorobyov,Y"]
[Result "0-1"]
[WhiteElo "2100"]
[BlackElo "2327"]

1.e4 c5 2.Nf3 Nc6 3.d4 cxd4 4.Nxd4 Qb6 5.Nb3 Nf6 6.Nc3 e6 7.Be3 Qc7 8.Bd3 a6
9.O-O b5 10.Qe2 d6 11.f4 Be7 12.Rae1 Bb7 13.Bf2 Nd7 14.Kh1 Rc8 15.Bg3 Bf6
16.e5 dxe5 17.f5 Nd8 18.Rd1 exf5 19.Bxf5 Ne6 20.Bxe6 fxe6 21.Nd4 Qc4 22.Rxf6 Nxf6
23.Qxe5 O-O 24.Nce2 Ng4 25.Qh5 Nf2+ 26.Bxf2 Rxf2 27.Rg1 Qd5 28.Qg4 Qe4 29.Qxe4 Bxe4
30.Nc3 Bb7 31.Nd1 Rd2 32.c3 Bxg2+ 33.Rxg2 Rxd1+ 34.Rg1 Rxg1+ 35.Kxg1 e5 36.Nf5 Rd8
37.Ne7+ Kf7 38.Nc6 Rd1+ 39.Kf2 Ke6 40.Nb4 a5 41.Nc6 Rd2+  0-1

[Event "Wotulo Mem"]
[Site "Jakarta INA"]
[Date "2001.03.29"]
[Round "8"]
[White "Zaw Win Lay"]
[Black "Johansen,D"]
[Result "1/2-1/2"]
[WhiteElo "2537"]
[BlackElo "2520"]

1.e4 c5 2.Nf3 Nc6 3.d4 cxd4 4.Nxd4 Qc7 5.Nc3 e6 6.Be2 a6 7.O-O Nf6 8.Be3 Bb4
9.Na4 O-O 10.Nxc6 bxc6 11.Nb6 Rb8 12.Nxc8 Rfxc8 13.Bxa6 Re8 14.Bd3 Bd6 15.g3 Be5
16.a4 Bxb2 17.Ra2 Bc3 18.Bd2 Bd4 19.a5 d5 20.exd5 cxd5 21.Bg5 h6  1/2-1/2